000 00515cam a2200169 a 4500
020 _a1557785163 (pbk. : alk. paper) :
082 0 0 _a297
_bMUR
100 1 _aMurata, Sachiko,
_937250
245 1 4 _aThe vision of Islam /
_cby Sachiko Murata and William C. Chittick.
260 _aNew York :
_bParagon House,
_cc1994.
300 _axxxix, 368 p. :
_bill. ;
_c23 cm.
526 _a0
_b0
_c0
_d297_000000000000000_MUR
650 0 _aIslam.
650 0 _aMCE
_9379
700 1 _aChittick, William C.
_9175
942 _2ddc
_cBK
999 _c542156
_d542156